South America (Redux) Quiz Stats

 Plays Quiz Updated Jul 11, 2014

Support Sporcle.
Go Orange.
Score 0/12 Timer 01:00
23 Plays Today
% Correct
???
81.1%
???
80.7%
???
80.4%
???
78.6%
???
78.6%
???
78%
???
77.8%
???
77.6%
???
75.5%
???
74.4%
???
67.1%
???
66.7%

You're not logged in!

Compare scores with friends on all Sporcle quizzes.
OR
Log In

From the Vault

4-Letter Images (A-Z)

by sproutcm

In this quiz, a picture is only worth about 4 letters.
Remove Ads.
Support Sporcle.
Get the best of Sporcle when you Go Orange. This ad-free experience offers more features, more stats, and more fun while also helping to support Sporcle. Thank you for becoming a member.

Show Comments

Extras

Top Quizzes Today


Score Distribution

Your Account Isn't Verified!

In order to create a playlist on Sporcle, you need to verify the email address you used during registration. Go to your Sporcle Settings to finish the process.

Report this User

Report this user for behavior that violates our Community Guidelines.

Details: